| 000 | 01036nam a22003137a 4500 | ||
|---|---|---|---|
| 001 | 6130 | ||
| 003 | FISKH | ||
| 005 | 20251125100047.0 | ||
| 008 | 250318b cb ||||| |||| 00| 0 eng d | ||
| 020 | _a9780439344456 | ||
| 040 |
_aFISKH _beng _cFISKH _dFISKH |
||
| 050 | _aPZ7.C677475 A | ||
| 082 | _a823.914 | ||
| 100 | _aColfer, Eoin | ||
| 245 |
_aArtemis fowl / _cBy Eoin Colfer |
||
| 250 | _aFirst Scholastic printing , September 2001 | ||
| 260 |
_aNew York : _bScholastic ; _c2001. |
||
| 300 |
_a277 pages : _billustrations ; _c20 cm . |
||
| 490 | _aArtemis fowl | ||
| 505 | _aL | ||
| 520 | _aWhen a twelve-year-old evil genius tries to restore his family fortune by capturing a fairy and demanding a ransom in gold, the fairies fight back with magic, technology, and a particularly nasty troll. | ||
| 521 | 8 |
_a600
_bLexile |
|
| 521 | 8 |
_aL
_bRaz-Plus |
|
| 650 |
_aAdventure _vFiction |
||
| 650 |
_aYoung adult _vFiction |
||
| 700 |
_aFleetwood, Tony _eillustrator |
||
| 942 |
_2ddc _cBK _n0 |
||
| 999 |
_c6130 _d6130 |
||